[Event "Canadian op"]
[Site "Calgary"]
[Date "2023.07.27"]
[Round "7"]
[White "Todd, Adie"]
[Black "Karmali, Hafiz"]
[Result "0-1"]
[WhiteElo "1494"]
[BlackElo "1781"]
[PlyCount "40"]
[EventDate "2023.07.22"]
[EventType "swiss"]
[EventRounds "10"]
[EventCountry "CAN"]
[SourceTitle "EXT 2024"]
[Source "ChessBase"]
[SourceDate "2023.10.10"]
[SourceVersion "1"]
[SourceVersionDate "2023.10.10"]
[SourceQuality "1"]

1. d4 e6 2. Bf4 d5 3. c4 c6 4. cxd5 exd5 5. Nc3 Nf6 6. e3 Bd6 7. Bxd6 Qxd6 8. f4 0-0 9. Bd3 Re8 10. Qf3 Ng4 11. Nd1 Qb4+ 12. Ke2 Nxe3 13. Qxe3 Rxe3+ 14. Kxe3 Bg4 15. Ne2 Nd7 16. a3 Re8+ 17. Kf2 Qd2 18. Bxh7+ Kxh7 19. Ndc3 Bxe2 20. Rhe1 Qe3# 0-1

[Event "Canadian op"]
[Site "Calgary"]
[Date "2023.07.26"]
[Round "6"]
[White "Karmali, Hafiz"]
[Black "Skop, Mike"]
[Result "1/2-1/2"]
[WhiteElo "1781"]
[BlackElo "1755"]
[PlyCount "96"]
[EventDate "2023.07.22"]
[EventType "swiss"]
[EventRounds "10"]
[EventCountry "CAN"]
[SourceTitle "EXT 2024"]
[Source "ChessBase"]
[SourceDate "2023.10.10"]
[SourceVersion "1"]
[SourceVersionDate "2023.10.10"]
[SourceQuality "1"]

1. d4 c6 2. e4 Na6 3. f4 Nc7 4. c4 d5 5. cxd5 cxd5 6. e5 Nh6 7. Nf3 g6 8. Nc3 Bg7 9. Bd3 0-0 10. 0-0 Bg4 11. h3 Bf5 12. g4 Bxd3 13. Qxd3 f6 14. f5 fxe5 15. Nxe5 gxf5 16. gxf5 Nf7 17. Qg3 Kh8 18. Bf4 Bxe5 19. Bxe5+ Nxe5 20. Qxe5+ Rf6 21. Rae1 Qd6 22. Qxd6 Rg8+ 23. Kh2 exd6 24. Re7 Rg7 25. Rxg7 Kxg7 26. Kg3 Rf7 27. Kg4 Kf6 28. a4 Rg7+ 29. Kf4 Rg5 30. Rc1 Rxf5+ 31. Kg3 a6 32. h4 Ne6 33. Ne2 Kg6 34. Rc8 Rf7 35. Re8 Kf5 36. Kf3 Rc7 37. Ke3 Rc2 38. Re7 Rxb2 39. Rxh7 Rb3+ 40. Kd2 b5 41. axb5 axb5 42. Rh5+ Ke4 43. Nc3+ Kxd4 44. Rxd5+ Kc4 45. Rxd6 Rxc3 46. Rc6+ Nc5 47. Rxc5+ Kxc5 48. Kxc3 Kd6 1/2-1/2

[Event "Canadian op"]
[Site "Calgary"]
[Date "2023.07.25"]
[Round "5"]
[White "Perelman, Leon"]
[Black "Karmali, Hafiz"]
[Result "1-0"]
[WhiteElo "1954"]
[BlackElo "1781"]
[PlyCount "69"]
[EventDate "2023.07.22"]
[EventType "swiss"]
[EventRounds "10"]
[EventCountry "CAN"]
[SourceTitle "EXT 2024"]
[Source "ChessBase"]
[SourceDate "2023.10.10"]
[SourceVersion "1"]
[SourceVersionDate "2023.10.10"]
[SourceQuality "1"]

1. c4 f5 2. Nc3 Nf6 3. d4 e6 4. Nf3 b6 5. g3 Bb7 6. Bg2 Be7 7. 0-0 0-0 8. d5 Na6 9. Nd4 Nc5 10. b4 Nce4 11. Nxe4 Nxe4 12. f3 Nc3 13. Qc2 Bxb4 14. e3 Nxd5 15. cxd5 Bxd5 16. Bb2 Be7 17. e4 fxe4 18. fxe4 Rxf1+ 19. Rxf1 Bb7 20. Nf3 Bc5+ 21. Kh1 Qe7 22. h4 Rf8 23. Kh2 h6 24. Rd1 g5 25. Qc3 Kh7 26. hxg5 hxg5 27. Qe5 Rg8 28. Bh3 Bd6 29. Qb5 a6 30. Qd3 e5 31. Bf5+ Kh8 32. Kg2 g4 33. Rh1+ Kg7 34. Rh7+ Kf8 35. Nh4 1-0

[Event "Edmonton-ch"]
[Site "Edmonton"]
[Date "2018.01.11"]
[Round "1.2"]
[White "Karmali, Hafiz"]
[Black "Ludwig, Michael1111"]
[Result "0-1"]
[WhiteElo "1951"]
[BlackElo "1921"]
[PlyCount "120"]
[EventDate "2018.01.04"]
[EventType "k.o."]
[EventRounds "4"]
[EventCountry "CAN"]
[SourceTitle "EXT 2024"]
[Source "ChessBase"]
[SourceDate "2023.10.10"]
[SourceVersion "1"]
[SourceVersionDate "2023.10.10"]
[SourceQuality "1"]

1. d4 d5 2. c4 e6 3. Nc3 Nf6 4. Bg5 Be7 5. e3 0-0 6. Nf3 b6 7. cxd5 Nxd5 8. Bxe7 Qxe7 9. Rc1 Bb7 10. Bd3 Rc8 11. 0-0 Nd7 12. Re1 c5 13. e4 Nxc3 14. bxc3 cxd4 15. cxd4 Qa3 16. Qd2 Nf6 17. e5 Nd5 18. Ng5 h6 19. Ne4 Nb4 20. Bb1 Rxc1 21. Qxc1 Qxc1 22. Rxc1 Bxe4 23. Bxe4 Nxa2 24. Rc7 Rd8 25. Rxa7 Nb4 26. Ra8 Rxa8 27. Bxa8 Nc2 28. d5 Nb4 29. dxe6 fxe6 30. Be4 Na6 31. f4 Nc5 32. Bb1 Nd7 33. Kf2 Kf7 34. Ke3 Nb8 35. Kd4 Na6 36. Kc4 Nc7 37. Be4 Ke7 38. g4 Kf7 39. Bc6 Ke7 40. Kd4 Kf7 41. f5 Ke7 42. Kc4 Na6 43. Bb7 Nc5 44. Bc8 Kd8 45. Bxe6 Nxe6 46. Kb5 Nd4+ 47. Kxb6 Nf3 48. h3 Nxe5 49. Kc5 Ke7 50. Kd5 Kf6 51. Ke4 Nf7 52. Kf4 h5 53. gxh5 Nh6 54. h4 Nxf5 55. Kg4 Nh6+ 56. Kf4 Kf7 57. Kg5 Kg8 58. Kf4 Kh7 59. Kg5 Ng8 60. Kf5 Kh6 0-1

[Event "Alberta op"]
[Site "Edmonton"]
[Date "2017.10.09"]
[Round "5"]
[White "Findlay, Ian T"]
[Black "Karmali, Hafiz"]
[Result "1-0"]
[WhiteElo "2194"]
[BlackElo "1929"]
[PlyCount "83"]
[EventDate "2017.10.07"]
[EventType "swiss"]
[EventRounds "6"]
[EventCountry "CAN"]
[SourceTitle "EXT 2019"]
[Source "ChessBase"]
[SourceDate "2018.10.10"]
[SourceVersion "1"]
[SourceVersionDate "2018.10.10"]
[SourceQuality "1"]

1. e4 Nf6 2. e5 Nd5 3. d4 d6 4. Nf3 Bg4 5. Be2 e6 6. 0-0 Nd7 7. c4 N5b6 8. exd6 cxd6 9. b3 Nf6 10. Nc3 d5 11. Bf4 Nh5 12. Be5 f6 13. Ng5 fxe5 14. Bxg4 Qxg5 15. Bxh5+ g6 16. Bg4 dxc4 17. Nb5 0-0-0 18. bxc4 a6 19. c5 Bxc5 20. Qc1 Qxc1 21. Raxc1 axb5 22. Rxc5+ Kb8 23. Rxb5 Rxd4 24. h3 Rd6 25. Rxe5 Nc4 26. Rxe6 Rd2 27. Re2 Rhd8 28. Rfe1 Na3 29. Rxd2 Rxd2 30. Re2 Rxe2 31. Bxe2 Kc7 32. Bd3 Kd6 33. Kf1 Kd5 34. Ke2 Kd4 35. f4 Kc3 36. g4 b5 37. f5 gxf5 38. gxf5 Nc4 39. Bxc4 bxc4 40. f6 Kb2 41. f7 c3 42. f8Q 1-0

[Event "Alberta-ch Seniors"]
[Site "Edmonton"]
[Date "2017.04.08"]
[Round "3"]
[White "Karmali, Hafiz"]
[Black "Findlay, Ian T"]
[Result "1/2-1/2"]
[WhiteElo "1921"]
[BlackElo "2240"]
[PlyCount "121"]
[EventDate "2017.04.08"]
[EventType "swiss"]
[EventRounds "5"]
[EventCountry "CAN"]
[SourceTitle "EXT 2019"]
[Source "ChessBase"]
[SourceDate "2018.10.10"]
[SourceVersion "1"]
[SourceVersionDate "2018.10.10"]
[SourceQuality "1"]

1. d4 Nf6 2. c4 c5 3. Nf3 cxd4 4. Nxd4 e5 5. Nc2 d5 6. cxd5 Qxd5 7. Nc3 Qxd1+ 8. Nxd1 Nc6 9. Nc3 Bf5 10. Ne3 Be6 11. g3 Bb4 12. Bg2 Rc8 13. 0-0 Bxc3 14. bxc3 0-0 15. Rb1 b6 16. a4 Rfd8 17. Rd1 Rxd1+ 18. Nxd1 h6 19. e4 Na5 20. Ba3 Nc4 21. Be7 Nd7 22. f4 f6 23. f5 Bf7 24. Nb2 Nxb2 25. Rxb2 Rxc3 26. a5 Bc4 27. Rd2 Rd3 28. Rxd3 Bxd3 29. axb6 axb6 30. Kf2 Kf7 31. Bb4 Nc5 32. Ke3 Bc2 33. Bf3 Ke8 34. Bxc5 bxc5 35. Kd2 Ba4 36. Kc3 Bb5 37. Bd1 Ke7 38. Bc2 Kd6 39. Bd1 Be8 40. Be2 Bf7 41. Bd1 Ba2 42. Bc2 Bg8 43. Ba4 Bf7 44. Bc2 Bh5 45. Bd3 Bf7 46. Bc2 h5 47. h4 g6 48. fxg6 Bxg6 49. Kc4 Bf7+ 50. Kc3 Kc6 51. Ba4+ Kb6 52. Bc2 Kb5 53. Bd1 c4 54. g4 hxg4 55. Bxg4 Bg6 56. Bf5 Bf7 57. Bg4 Bg6 58. Bf5 Bf7 59. Bg4 Bg6 60. Bf5 Bf7 61. Bg4 1/2-1/2

[Event "Edmonton-ch"]
[Site "Edmonton"]
[Date "2017.01.19"]
[Round "1.3"]
[White "Karmali, Hafiz"]
[Black "Gardner, Robert"]
[Result "0-1"]
[WhiteElo "1959"]
[BlackElo "2288"]
[PlyCount "62"]
[EventDate "2017.01.05"]
[EventType "k.o."]
[EventRounds "4"]
[EventCountry "CAN"]
[SourceTitle "EXT 2022"]
[Source "ChessBase"]
[SourceDate "2021.10.06"]
[SourceVersion "1"]
[SourceVersionDate "2021.10.06"]
[SourceQuality "1"]

1. e4 d6 2. d4 Nf6 3. Nc3 g6 4. Bc4 Bg7 5. Nf3 0-0 6. h3 Nxe4 7. Nxe4 d5 8. Bd3 dxe4 9. Bxe4 c5 10. c3 cxd4 11. cxd4 Nc6 12. Be3 Qa5+ 13. Bd2 Qb6 14. Bc3 Rd8 15. Bxc6 Qxc6 16. Qe2 Be6 17. Ne5 Qxg2 18. 0-0-0 Qd5 19. b3 Rdc8 20. Kb2 a5 21. Nc4 Qb5 22. Ka1 Bxc4 23. bxc4 Qxc4 24. Qxc4 Rxc4 25. Bb2 Rd8 26. Rhe1 Bxd4 27. Bxd4 Rdxd4 28. Rxd4 Rxd4 29. Rxe7 Rb4 30. a3 Rb3 31. Ka2 a4 0-1

[Event "Edmonton-ch"]
[Site "Edmonton"]
[Date "2017.01.05"]
[Round "1.1"]
[White "Gardner, Robert"]
[Black "Karmali, Hafiz"]
[Result "0-1"]
[WhiteElo "2288"]
[BlackElo "1959"]
[PlyCount "62"]
[EventDate "2017.01.05"]
[EventType "k.o."]
[EventRounds "4"]
[EventCountry "CAN"]
[SourceTitle "EXT 2022"]
[Source "ChessBase"]
[SourceDate "2021.10.06"]
[SourceVersion "1"]
[SourceVersionDate "2021.10.06"]
[SourceQuality "1"]

1. d4 d5 2. c4 e6 3. Nc3 f5 4. Bf4 Bd6 5. e3 Nf6 6. Nf3 0-0 7. Bd3 Ne4 8. 0-0 Nc6 9. Rc1 Ne7 10. Bxd6 cxd6 11. cxd5 Nxc3 12. bxc3 Nxd5 13. c4 Nf6 14. Qb3 Kh8 15. c5 dxc5 16. Rxc5 b6 17. Rc2 Qe8 18. Ne5 Bb7 19. f3 Nd5 20. Bb5 Qe7 21. Rfc1 Rac8 22. Nc6 Qd6 23. Nxa7 Rxc2 24. Rxc2 f4 25. exf4 Nxf4 26. Qe3 e5 27. Rd2 Rd8 28. d5 Nxd5 29. Qf2 Qa3 30. Qxb6 Rd7 31. Bf1 Nxb6 0-1

[Event "Edmonton WBX tt"]
[Site "Edmonton"]
[Date "2016.12.18"]
[Round "4"]
[White "Karmali, Hafiz"]
[Black "Sharma, Vishruth"]
[Result "1/2-1/2"]
[WhiteElo "1928"]
[BlackElo "1346"]
[PlyCount "72"]
[EventDate "2016.12.17"]
[EventType "team-swiss"]
[EventRounds "5"]
[EventCountry "CAN"]
[SourceTitle "EXT 2019"]
[Source "ChessBase"]
[SourceDate "2018.10.10"]
[SourceVersion "1"]
[SourceVersionDate "2018.10.10"]
[SourceQuality "1"]

1. d4 d5 2. c4 e6 3. Nc3 Nf6 4. Bg5 Be7 5. e3 b6 6. Nf3 Nbd7 7. Rc1 Bb7 8. Bd3 0-0 9. 0-0 c5 10. Re1 Rc8 11. b3 h6 12. Bf4 Ne4 13. Bxe4 dxe4 14. Ne5 cxd4 15. exd4 Nxe5 16. Bxe5 Bb4 17. Re3 f6 18. Bg3 f5 19. Be5 f4 20. Qg4 Qg5 21. Qxe6+ Rf7 22. h4 Qxh4 23. Rh3 Qg5 24. Nxe4 Qe7 25. Qxe7 Bxe7 26. Re1 Rd8 27. d5 Bc8 28. Rd3 Bf5 29. Bxf4 Bb4 30. Re2 Bg4 31. f3 Rxf4 32. fxg4 Rxg4 33. d6 Rd7 34. g3 Rg6 35. Kg2 Re6 36. Kf3 Bxd6 1/2-1/2

[Event "Edmonton WBX tt"]
[Site "Edmonton"]
[Date "2016.12.17"]
[Round "1"]
[White "Karmali, Hafiz"]
[Black "Rohatynski, Jordan"]
[Result "1/2-1/2"]
[WhiteElo "1928"]
[BlackElo "1523"]
[PlyCount "77"]
[EventDate "2016.12.17"]
[EventType "team-swiss"]
[EventRounds "5"]
[EventCountry "CAN"]
[SourceTitle "EXT 2019"]
[Source "ChessBase"]
[SourceDate "2018.10.10"]
[SourceVersion "1"]
[SourceVersionDate "2018.10.10"]
[SourceQuality "1"]

1. d4 Nf6 2. c4 d6 3. e3 Nbd7 4. Nc3 c6 5. Nf3 Qc7 6. Bd3 e5 7. 0-0 d5 8. cxd5 Nxd5 9. Bd2 Bd6 10. Rc1 Nxc3 11. Bxc3 h6 12. Bf5 exd4 13. exd4 0-0 14. d5 Ne5 15. Nd4 Ng6 16. dxc6 Bxh2+ 17. Kh1 Bxf5 18. Nxf5 Be5 19. Qf3 Qxc6 20. Qxc6 bxc6 21. Bxe5 Nxe5 22. Ne7+ Kh7 23. Nxc6 Nd3 24. Rc2 Rfc8 25. Kg1 Nxb2 26. Rb1 Rab8 27. Rbc1 Rb7 28. Nxa7 Rxc2 29. Rxc2 Rxa7 30. Rxb2 Ra3 31. Kf1 g5 32. g4 Kg6 33. Kg2 h5 34. Rb6+ f6 35. gxh5+ Kxh5 36. Rxf6 Rxa2 37. Kg3 Ra3+ 38. f3 Ra4 39. Rb6 1/2-1/2

[Event "Alberta O1800"]
[Site "Edmonton"]
[Date "2016.08.28"]
[Round "4"]
[White "Karmali, Hafiz"]
[Black "Tran Ly, Tristan"]
[Result "1-0"]
[WhiteElo "1919"]
[BlackElo "1957"]
[PlyCount "79"]
[EventDate "2016.08.27"]
[EventType "swiss"]
[EventRounds "5"]
[EventCountry "CAN"]
[SourceTitle "EXT 2017"]
[Source "ChessBase"]
[SourceDate "2016.10.25"]
[SourceVersion "1"]
[SourceVersionDate "2016.10.25"]
[SourceQuality "1"]

1. d4 d5 2. c4 e6 3. Nc3 c6 4. e4 dxe4 5. Nxe4 Bb4+ 6. Nc3 Nf6 7. Nf3 0-0 8. Bd3 c5 9. Be3 cxd4 10. Nxd4 e5 11. Nde2 Bg4 12. f3 Be6 13. 0-0 Qc8 14. Qb3 Na6 15. Nd5 Nxd5 16. cxd5 Bc5 17. Bxh7+ Kxh7 18. dxe6 Bxe3+ 19. Qxe3 Qxe6 20. f4 exf4 21. Qd3+ Qg6 22. Qh3+ Qh6 23. Qf5+ Kg8 24. Nxf4 Rad8 25. Rf3 Qb6+ 26. Kh1 Qxb2 27. Raf1 Rd6 28. Rh3 g6 29. Qg5 Qg7 30. Qe7 Rf6 31. Rhf3 g5 32. Nh5 Rxf3 33. gxf3 Qh6 34. Nf6+ Kg7 35. Nd7 Rh8 36. Qe5+ f6 37. Qe7+ Kg6 38. Qxf6+ Kh5 39. Qf5 Qg7 40. Rg1 1-0

[Event "Alberta O1800"]
[Site "Edmonton"]
[Date "2016.08.27"]
[Round "2"]
[White "Kalisvaart, Peter"]
[Black "Karmali, Hafiz"]
[Result "1-0"]
[WhiteElo "2059"]
[BlackElo "1919"]
[PlyCount "79"]
[EventDate "2016.08.27"]
[EventType "swiss"]
[EventRounds "5"]
[EventCountry "CAN"]
[SourceTitle "EXT 2017"]
[Source "ChessBase"]
[SourceDate "2016.10.25"]
[SourceVersion "1"]
[SourceVersionDate "2016.10.25"]
[SourceQuality "1"]

1. d4 e6 2. Nf3 f5 3. c4 b6 4. Nc3 Bb7 5. g3 Nf6 6. Bg2 Be7 7. 0-0 0-0 8. d5 exd5 9. Nxd5 Nxd5 10. cxd5 Na6 11. Nd4 Bc5 12. a3 Qf6 13. Be3 g5 14. f4 g4 15. b4 Bd6 16. Nb5 Rfe8 17. Bd4 Qe7 18. e4 c5 19. Nxd6 Qxd6 20. Be5 Qg6 21. exf5 Qxf5 22. b5 Nb8 23. Re1 d6 24. Be4 Qh5 25. Bxd6 Nd7 26. Bg2 Rxe1+ 27. Qxe1 Bxd5 28. Rd1 Bf3 29. Bxf3 gxf3 30. Qe6+ Qf7 31. Qg4+ Qg7 32. Qxf3 Re8 33. Qc6 Qc3 34. Qd5+ Kh8 35. Qd3 Qxd3 36. Rxd3 Re2 37. Bc7 Re7 38. Kf2 Kg7 39. Kf3 Kf6 40. Bd8 1-0

[Event "Edmonton op qual 11th"]
[Site "Edmonton"]
[Date "2016.04.30"]
[Round "2"]
[White "Gardner, Robert"]
[Black "Karmali, Hafiz"]
[Result "1-0"]
[WhiteElo "2155"]
[BlackElo "1931"]
[PlyCount "59"]
[EventDate "2016.04.30"]
[EventType "swiss"]
[EventRounds "5"]
[EventCountry "CAN"]
[SourceTitle "EXT 2017"]
[Source "ChessBase"]
[SourceDate "2016.10.25"]
[SourceVersion "1"]
[SourceVersionDate "2016.10.25"]
[SourceQuality "1"]

1. d4 Nf6 2. c4 e5 3. dxe5 Ng4 4. Nf3 Nc6 5. a3 Bc5 6. e3 a5 7. b3 Ncxe5 8. Bb2 Qe7 9. h3 Nxf2 10. Kxf2 Bxe3+ 11. Kxe3 Ng4+ 12. Kd2 Nf2 13. Qe2 Nxh1 14. Qxe7+ Kxe7 15. Be5 f6 16. Bh2 Ra6 17. Nc3 Re6 18. Bd3 Nf2 19. Bf5 Rc6 20. Rf1 g6 21. Bc2 Nxh3 22. gxh3 d6 23. Nd5+ Kf7 24. Nd4 Bxh3 25. Rxf6+ Kg7 26. Rf3 Bg2 27. Ne6+ Kh6 28. Bf4+ Kh5 29. Nf6+ Kh4 30. Bg5# 1-0

[Event "Calgary Alberta op"]
[Site "Calgary"]
[Date "2014.10.13"]
[Round "6.8"]
[White "Tran Ly, Tristan"]
[Black "Karmali, Hafiz"]
[Result "1/2-1/2"]
[WhiteElo "2128"]
[BlackElo "2031"]
[PlyCount "60"]
[EventDate "2014.10.11"]
[EventType "swiss"]
[EventRounds "6"]
[EventCountry "CAN"]
[SourceTitle "EXT 2022"]
[Source "ChessBase"]
[SourceDate "2021.10.06"]
[SourceVersion "1"]
[SourceVersionDate "2021.10.06"]
[SourceQuality "1"]

1. e4 e6 2. d4 d5 3. Nd2 Nf6 4. e5 Nfd7 5. Bd3 c5 6. c3 Nc6 7. Ne2 f6 8. exf6 Nxf6 9. Nf3 Qb6 10. 0-0 Bd6 11. Re1 0-0 12. a3 a5 13. Rb1 Bd7 14. Ng3 Rae8 15. Bc2 e5 16. dxe5 Nxe5 17. Nxe5 Bxe5 18. Bg5 Qd6 19. Qd3 g6 20. Rbd1 Bg4 21. f3 Bxg3 22. hxg3 Rxe1+ 23. Rxe1 Qxg3 24. Re2 Bf5 25. Qd2 Bxc2 26. Bxf6 Rxf6 27. Qxd5+ Kg7 28. Re7+ Kh6 29. Qd2+ Qf4 30. Qxc2 Rd6 1/2-1/2

[Event "Calgary Alberta op"]
[Site "Calgary"]
[Date "2014.10.11"]
[Round "1.17"]
[White "Karmali, Hafiz"]
[Black "Wang, Paul"]
[Result "1-0"]
[WhiteElo "2031"]
[BlackElo "1068"]
[PlyCount "57"]
[EventDate "2014.10.11"]
[EventType "swiss"]
[EventRounds "6"]
[EventCountry "CAN"]
[SourceTitle "EXT 2022"]
[Source "ChessBase"]
[SourceDate "2021.10.06"]
[SourceVersion "1"]
[SourceVersionDate "2021.10.06"]
[SourceQuality "1"]

1. d4 d5 2. e3 Nf6 3. Bd3 e6 4. f4 Bd6 5. Nf3 Nc6 6. c3 b6 7. Ne5 Bb7 8. Nd2 Nd7 9. 0-0 Ndxe5 10. fxe5 Be7 11. Rf3 0-0 12. Rh3 h6 13. Qg4 Bg5 14. Nf3 f5 15. Qh5 Qe7 16. Rg3 Qf7 17. Qxf7+ Rxf7 18. Nxg5 hxg5 19. Rxg5 Kh7 20. Bd2 Kh6 21. Rg3 g5 22. Rh3+ Kg6 23. g4 Ne7 24. Rf1 Raf8 25. Rh5 c5 26. Rf3 Rg7 27. e4 dxe4 28. Rxg5+ Kh7 29. Rh3+ 1-0

[Event "Red Deer Battle of Alberta"]
[Site "Red Deer"]
[Date "2014.09.13"]
[Round "1.12"]
[White "Karmali, Hafiz"]
[Black "Ottosen, David"]
[Result "0-1"]
[WhiteElo "2039"]
[BlackElo "2128"]
[PlyCount "62"]
[EventDate "2014.09.13"]
[EventType "team-match"]
[EventRounds "2"]
[EventCountry "CAN"]
[SourceTitle "EXT 2022"]
[Source "ChessBase"]
[SourceDate "2021.10.06"]
[SourceVersion "1"]
[SourceVersionDate "2021.10.06"]
[SourceQuality "1"]
[WhiteTeam "South"]
[BlackTeam "North"]
[WhiteTeamCountry "CAN"]
[BlackTeamCountry "CAN"]

1. d4 d5 2. c4 c6 3. Nc3 e6 4. e4 dxe4 5. Nxe4 Bb4+ 6. Nc3 c5 7. Be3 cxd4 8. Bxd4 Nf6 9. a3 Be7 10. Nf3 Nc6 11. Be3 0-0 12. Qc2 Ng4 13. Bf4 e5 14. Bg3 f5 15. Rd1 Qe8 16. h3 Nd4 17. Nxd4 exd4 18. Ne2 Nf6 19. Rxd4 Bc5 20. Rd1 Ne4 21. Qd3 f4 22. Bh4 Bf5 23. Qd5+ Kh8 24. f3 Qh5 25. fxe4 Qxh4+ 26. g3 fxg3 27. Bg2 Bf2+ 28. Kf1 Bg6 29. Qxb7 Rab8 30. Qc6 Rxb2 31. e5 Bh5 0-1

[Event "Calgary"]
[Site "Calgary"]
[Date "2013.01.29"]
[Round "3"]
[White "Gold, Itohan"]
[Black "Karmali, Hafiz"]
[Result "1-0"]
[WhiteElo "2010"]
[BlackElo "1936"]
[PlyCount "69"]
[EventDate "2013.01.15"]
[EventType "swiss"]
[EventRounds "7"]
[EventCountry "CAN"]
[SourceTitle "EXT 2022"]
[Source "ChessBase"]
[SourceDate "2021.10.06"]
[SourceVersion "1"]
[SourceVersionDate "2021.10.06"]
[SourceQuality "1"]

1. e4 Nf6 2. e5 Nd5 3. d4 d6 4. Nf3 Bg4 5. Be2 Nc6 6. exd6 Qxd6 7. c4 Nf4 8. c5 Qf6 9. Bxf4 Qxf4 10. 0-0 0-0-0 11. d5 e6 12. d6 cxd6 13. cxd6 Bxd6 14. g3 Qf6 15. Qb3 Rd7 16. Nbd2 Rhd8 17. Rac1 Rc7 18. Ne4 Qe7 19. Rfd1 Bb4 20. a3 Ba5 21. Qa4 Bb6 22. Rxd8+ Qxd8 23. Nc5 Bxf3 24. Bxf3 Qd6 25. Ne4 Qd4 26. Rc4 Qxb2 27. Nd6+ Kb8 28. Rc2 Qd4 29. Nc4 e5 30. Rd2 Qc5 31. Ne3 Nd4 32. Bg2 Qc3 33. Rd1 Ne2+ 34. Kh1 Bxe3 35. fxe3 1-0

[Event "Calgary"]
[Site "Calgary"]
[Date "2013.01.15"]
[Round "1"]
[White "Miller, Brian"]
[Black "Karmali, Hafiz"]
[Result "1-0"]
[WhiteElo "1839"]
[BlackElo "1932"]
[PlyCount "71"]
[EventDate "2013.01.15"]
[EventType "swiss"]
[EventRounds "7"]
[EventCountry "CAN"]
[SourceTitle "EXT 2022"]
[Source "ChessBase"]
[SourceDate "2021.10.06"]
[SourceVersion "1"]
[SourceVersionDate "2021.10.06"]
[SourceQuality "1"]

1. d4 f5 2. c4 Nf6 3. Nc3 e6 4. Nf3 b6 5. Bg5 Bb7 6. e3 Be7 7. Be2 0-0 8. 0-0 d6 9. Qb3 Kh8 10. Rfd1 Nbd7 11. Rac1 Ne4 12. Bxe7 Qxe7 13. Nxe4 fxe4 14. Nd2 e5 15. d5 Nc5 16. Qc2 Qf6 17. Rf1 Qg6 18. b4 Nd3 19. Rb1 a5 20. a3 axb4 21. axb4 c5 22. bxc5 dxc5 23. Bxd3 exd3 24. Qb2 Rf6 25. Qxe5 Bc8 26. Qg3 Qf7 27. e4 Ra3 28. Rb3 Ra2 29. Rxd3 Qa7 30. Qe5 Rf8 31. Nf3 Bg4 32. h3 Bd7 33. Ng5 b5 34. Ne6 Rf7 35. Rf3 Bxe6 36. Qxe6 1-0

[Event "Calgary Alberta op"]
[Site "Calgary"]
[Date "2012.10.07"]
[Round "3.11"]
[White "Karmali, Hafiz"]
[Black "Dunn, Garth"]
[Result "1-0"]
[WhiteElo "1805"]
[BlackElo "1706"]
[PlyCount "54"]
[EventDate "2012.10.06"]
[EventType "swiss"]
[EventRounds "5"]
[EventCountry "CAN"]
[SourceTitle "EXT 2022"]
[Source "ChessBase"]
[SourceDate "2021.10.06"]
[SourceVersion "1"]
[SourceVersionDate "2021.10.06"]
[SourceQuality "1"]

1. e4 c5 2. Nc3 Nc6 3. f4 e6 4. Nf3 a6 5. g3 Bd6 6. e5 Bc7 7. Ne4 Nge7 8. Nxc5 0-0 9. d4 d6 10. exd6 Bxd6 11. Ne4 Bc7 12. c3 b5 13. Bd3 f6 14. 0-0 Qe8 15. Nh4 e5 16. fxe5 fxe5 17. Rxf8+ Qxf8 18. Ng5 g6 19. Nxh7 Kxh7 20. Qh5+ Kg8 21. Nxg6 Qg7 22. Bh6 Bg4 23. Qxg4 Qxh6 24. Nxe7+ Kf7 25. Nxc6 Qe3+ 26. Kg2 Qxd3 27. Rf1+ Ke8 1-0

[Event "Edmonton Fall Sectional B"]
[Site "Edmonton"]
[Date "2011.10.30"]
[Round "4"]
[White "Zeggelaar, Mike"]
[Black "Karmali, Hafiz"]
[Result "1/2-1/2"]
[WhiteElo "1973"]
[BlackElo "1989"]
[PlyCount "121"]
[EventDate "2011.10.28"]
[EventType "tourn"]
[EventRounds "5"]
[EventCountry "CAN"]
[SourceTitle "EXT 2022"]
[Source "ChessBase"]
[SourceDate "2021.10.06"]
[SourceVersion "1"]
[SourceVersionDate "2021.10.06"]
[SourceQuality "1"]

1. e4 e6 2. d4 d5 3. Nc3 Nf6 4. Bg5 Be7 5. e5 Nfd7 6. h4 a6 7. Qg4 f5 8. Qg3 c5 9. Nf3 Nc6 10. 0-0-0 b5 11. dxc5 Nxc5 12. Bxe7 Qxe7 13. Ng5 0-0 14. Qf3 Ne4 15. Ncxe4 fxe4 16. Qh5 g6 17. Qg4 Rxf2 18. Be2 Nxe5 19. Qg3 Rxe2 20. Qxe5 Bd7 21. Rxd5 Rc8 22. Nxe4 Rxe4 23. Rxd7 Rxe5 24. Rxe7 Re2 25. c3 b4 26. h5 bxc3 27. b3 Rxa2 28. Kb1 Rxg2 29. hxg6 Rxg6 30. Rexh7 c2+ 31. Kc1 Rg1+ 32. Rxg1+ Kxh7 33. Rg3 Kh6 34. Rg2 Kh5 35. Rg3 Kh4 36. Rg6 Rc6 37. Rg7 a5 38. Rg2 e5 39. Rg7 Rc5 40. Rg2 Kh3 41. Rg5 Kh4 42. Rg2 e4 43. Re2 Re5 44. Kxc2 Kg3 45. Kd2 Kf3 46. Re3+ Kf4 47. Rc3 Rd5+ 48. Ke2 Rh5 49. Kd2 Rh2+ 50. Ke1 Rb2 51. Kd1 e3 52. Rc5 Rd2+ 53. Ke1 Ra2 54. Rc8 Ke4 55. Re8+ Kd3 56. Rd8+ Kc3 57. Rb8 Rb2 58. Rb5 Ra2 59. Rb8 Kd3 60. Rd8+ Kc3 61. Rb8 1/2-1/2

[Event "Calgary Alberta op"]
[Site "Calgary"]
[Date "2010.10.09"]
[Round "2.1"]
[White "Porper, Edward"]
[Black "Karmali, Hafiz"]
[Result "1-0"]
[WhiteElo "2523"]
[BlackElo "2074"]
[PlyCount "53"]
[EventDate "2010.10.09"]
[EventType "swiss"]
[EventRounds "6"]
[EventCountry "CAN"]
[SourceTitle "EXT 2022"]
[Source "ChessBase"]
[SourceDate "2021.10.06"]
[SourceVersion "1"]
[SourceVersionDate "2021.10.06"]
[SourceQuality "1"]

1. d4 d5 2. c4 c6 3. Nf3 Nf6 4. Nc3 g6 5. cxd5 cxd5 6. Bf4 Nc6 7. e3 Bg7 8. Bd3 0-0 9. h3 b6 10. a3 Bb7 11. 0-0 Rc8 12. Rc1 Nh5 13. Bh2 f5 14. Nxd5 e6 15. Nf4 Nxf4 16. Bxf4 Re8 17. Qa4 a6 18. b4 e5 19. Qb3+ Kf8 20. Ng5 Qd7 21. Nxh7+ Ke7 22. Bg5+ Kd6 23. b5 axb5 24. Bxb5 exd4 25. exd4 Bxd4 26. Nf6 Qg7 27. Qd5+ 1-0

[Event "Calgary August FIDE"]
[Site "Calgary"]
[Date "2010.08.28"]
[Round "2"]
[White "Kazmaier, Daniel"]
[Black "Karmali, Hafiz"]
[Result "1-0"]
[WhiteElo "2157"]
[BlackElo "1939"]
[PlyCount "43"]
[EventDate "2010.08.28"]
[EventType "tourn"]
[EventRounds "5"]
[EventCountry "CAN"]
[SourceTitle "EXT 2019"]
[Source "ChessBase"]
[SourceDate "2018.10.10"]
[SourceVersion "1"]
[SourceVersionDate "2018.10.10"]
[SourceQuality "1"]

1. e4 e6 2. d4 d5 3. e5 c5 4. c3 Nc6 5. Nf3 Bd7 6. a3 Rc8 7. b4 cxb4 8. cxb4 Nge7 9. Bb2 Nf5 10. Nbd2 Be7 11. Bd3 Nh4 12. Nxh4 Bxh4 13. 0-0 f5 14. exf6 Bxf6 15. Nb3 Ne7 16. Qe2 0-0 17. Nc5 Kh8 18. Nxb7 Qb6 19. Nc5 Rcd8 20. Rae1 Nf5 21. Bxf5 exf5 22. Nxd7 1-0